00244nam a2200109Ia 4500008004100000100001300041245002600054260001600080260000900096546001200105999001700117170619s9999 xx 000 0 und d aCeri- S. 0aDistributed databases bLondon; MGH c1985 aENGLISH c17420d17420